[Event "VI. Berecz memorial B 2018"]
[Site "?"]
[Date "2018.12.29"]
[Round "6.1"]
[White "Abraham, Lajos"]
[Black "Varga, Gabor"]
[Result "0-1"]
[WhiteElo "1629"]
[BlackElo "1839"]
[PlyCount "108"]
[EventDate "2018.12.27"]

1. Nf3 c5 2. c4 Nc6 3. e3 g6 4. Nc3 Bg7 5. d4 cxd4 6. exd4 a6 7. Be2 d6 8. O-O
Bd7 9. Be3 Nf6 10. Qd2 O-O 11. d5 Na7 12. Bh6 b5 13. Bxg7 Kxg7 14. Qd4 bxc4 15.
Bxc4 Nb5 16. Bxb5 axb5 17. b3 Qa5 18. Ne4 Qa7 19. Qb2 Qa3 20. Qd4 Qa7 21. Qb2
Qa3 22. Qd4 Rfc8 23. Nxf6 exf6 24. Ng5 Qc5 25. Qxc5 Rxc5 26. Ne4 Rxd5 27. f3 f5
28. Nc3 Rc5 29. Rfc1 b4 30. Ne2 Be6 31. Nf4 Rxc1+ 32. Rxc1 Rxa2 33. Nxe6+ fxe6
34. Rc4 Kf6 35. Rxb4 Rb2 36. f4 h6 37. Rb6 d5 38. h4 g5 39. hxg5+ hxg5 40.
fxg5+ Kxg5 41. Rxe6 Rxb3 42. Kf2 Kg4 43. Re2 d4 44. Rd2 Rb4 45. g3 Rc4 46. Kg2
Kg5 47. Kh3 Kf6 48. Kg2 Ke5 49. Re2+ Kd5 50. Kf2 d3 51. Re8 Re4 52. Rf8 Kc4 53.
Rc8+ Kb3 54. Rd8 Kc3 0-1

[Event "VI. Berecz memorial B 2018"]
[Site "?"]
[Date "2018.12.29"]
[Round "6.2"]
[White "Balaban-Voia, Alexandru"]
[Black "Tumbasz, Peter"]
[Result "1/2-1/2"]
[WhiteElo "1820"]
[BlackElo "1625"]
[PlyCount "106"]
[EventDate "2018.12.27"]

1. b3 d5 2. e3 e5 3. Bb2 Bd6 4. Nf3 f6 5. d4 e4 6. Nfd2 Be6 7. c4 c6 8. Nc3 Ne7
9. Rc1 O-O 10. Qc2 f5 11. cxd5 Nxd5 12. Bc4 Be7 13. a3 b5 14. Bxd5 Bxd5 15.
Nxd5 Qxd5 16. O-O Rc8 17. f3 Bg5 18. Rce1 Re8 19. fxe4 fxe4 20. Qc5 Qxc5 21.
dxc5 g6 22. Rf2 Nd7 23. Bd4 Rad8 24. Ref1 Rf8 25. Nxe4 Rxf2 26. Rxf2 Be7 27. b4
Nf8 28. Nf6+ Bxf6 29. Rxf6 Rc8 30. Rd6 Kf7 31. e4 Rc7 32. Be5 Re7 33. Rf6+ Ke8
34. Bg3 Re6 35. Rxe6+ Nxe6 36. Bb8 a6 37. Kf2 Nd4 38. Be5 Ne6 39. Ke3 Ke7 40.
h4 Nd8 41. g4 Ke6 42. Kf4 Nf7 43. Bb2 Ke7 44. Bg7 Ke6 45. Bb2 Ke7 46. g5 Ke6
47. Bf6 Kd7 48. Kg4 Ke6 49. h5 Kd7 50. hxg6 hxg6 51. Kf3 Ke6 52. Kf4 Kd7 53.
Ke3 Ke6 1/2-1/2

[Event "VI. Berecz memorial B 2018"]
[Site "?"]
[Date "2018.12.29"]
[Round "6.3"]
[White "Nagy, Lajos"]
[Black "Kocsmar, Akos"]
[Result "1/2-1/2"]
[WhiteElo "1765"]
[BlackElo "1690"]
[PlyCount "38"]
[EventDate "2018.12.27"]

1. e4 c5 2. c3 Nf6 3. e5 Nd5 4. d4 cxd4 5. cxd4 d6 6. Nf3 Nc6 7. Bc4 Nb6 8. Bb3
Bg4 9. Bxf7+ Kxf7 10. Ng5+ Ke8 11. Qxg4 dxe5 12. Nxh7 Qxd4 13. Qg6+ Kd7 14. O-O
Qd6 15. Qf5+ e6 16. Qf7+ Qe7 17. Qg6 Qh4 18. Nxf8+ Raxf8 19. Qg3 Qxg3 1/2-1/2

[Event "VI. Berecz memorial B 2018"]
[Site "?"]
[Date "2018.12.29"]
[Round "6.4"]
[White "Beretka, Csaba"]
[Black "Fridrik, Richard"]
[Result "0-1"]
[WhiteElo "1690"]
[BlackElo "1751"]
[PlyCount "77"]
[EventDate "2018.12.27"]

1. d4 d5 2. c4 c6 3. Nf3 Nf6 4. e3 e6 5. Nc3 Nbd7 6. a3 Bd6 7. c5 Bc7 8. b4 e5
9. dxe5 Nxe5 10. Nxe5 Bxe5 11. Bb2 Qe7 12. Be2 O-O 13. O-O Bf5 14. Qb3 Rfe8 15.
Bf3 Rad8 16. Ne2 h5 17. Bxe5 Qxe5 18. Qc3 Qe7 19. Ng3 Bg6 20. Qd4 Qe5 21. Rfd1
Be4 22. Bxe4 Nxe4 23. Nxe4 Qxd4 24. Rxd4 Rxe4 25. Rad1 f5 26. Rxe4 fxe4 27. Kf1
Kf7 28. Ke2 g5 29. f3 Re8 30. fxe4 Rxe4 31. h3 Ke6 32. Rd4 Ke5 33. Rd3 d4 34.
Rxd4 Rxd4 35. exd4+ Kxd4 36. Kd2 a5 37. g4 hxg4 38. hxg4 axb4 39. axb4 0-1

[Event "VI. Berecz memorial B 2018"]
[Site "?"]
[Date "2018.12.29"]
[Round "6.5"]
[White "Fekete, Alex"]
[Black "Markus, Molli Amina"]
[Result "1/2-1/2"]
[WhiteElo "1747"]
[BlackElo "1621"]
[PlyCount "29"]
[EventDate "2018.12.27"]

1. d4 d5 2. g3 Nf6 3. Bg2 Bf5 4. Nf3 e6 5. O-O c5 6. Nbd2 Nc6 7. c3 Be7 8. dxc5
Bxc5 9. Nh4 Bg6 10. Nxg6 hxg6 11. Nb3 Bb6 12. Qd3 a6 13. Bg5 Ne5 14. Qd2 Rc8
15. Rab1 1/2-1/2

[Event "VI. Berecz memorial B 2018"]
[Site "?"]
[Date "2018.12.29"]
[Round "6.6"]
[White "Kadnar, Emil"]
[Black "Gerda, Emil"]
[Result "1/2-1/2"]
[WhiteElo "1638"]
[BlackElo "1623"]
[PlyCount "86"]
[EventDate "2018.12.27"]

1. e4 e6 2. d3 d5 3. exd5 exd5 4. h3 Bd6 5. Be2 Nf6 6. Nf3 b6 7. Nc3 Bb7 8. O-O
a6 9. Bd2 Nbd7 10. Qc1 O-O 11. d4 Re8 12. Re1 c5 13. Bd3 Rxe1+ 14. Qxe1 Qc7 15.
Be3 Re8 16. Qd2 c4 17. Bf5 b5 18. Bg5 Ne4 19. Bxe4 dxe4 20. Nh4 g6 21. g4 Be7
22. Bxe7 Rxe7 23. Qg5 f6 24. Qe3 Qd6 25. Ne2 Nb6 26. c3 Nd5 27. Qg3 Qxg3+ 28.
fxg3 Kg7 29. Ng2 g5 30. Rf1 Kg6 31. h4 h6 32. h5+ Kg7 33. Rf5 Re6 34. Kh2 Rd6
35. Kh3 Bc8 36. Rf1 a5 37. a3 Rb6 38. Rc1 f5 39. gxf5 Bxf5+ 40. g4 Bc8 41. Ng3
Nf6 42. Ne3 Bd7 43. Rc2 Be6 1/2-1/2

[Event "VI. Berecz memorial B 2018"]
[Site "?"]
[Date "2018.12.29"]
[Round "6.7"]
[White "Hajdu, Istvan"]
[Black "Panda, Barnabas"]
[Result "1/2-1/2"]
[WhiteElo "1887"]
[BlackElo "1516"]
[PlyCount "93"]
[EventDate "2018.12.27"]

1. e4 c5 2. Nf3 Nc6 3. Bb5 e6 4. O-O Nge7 5. Re1 a6 6. Bxc6 Nxc6 7. d4 cxd4 8.
Nxd4 Bc5 9. Nb3 Ba7 10. c4 O-O 11. Nc3 Qf6 12. Be3 Bxe3 13. Rxe3 b6 14. Qe2 Qe5
15. Rd1 Rd8 16. Nc1 h6 17. Nd3 Qc7 18. f4 d6 19. Rf1 Nd4 20. Qh5 Qxc4 21. Rg3
Kf8 22. Qg4 g6 23. Qh4 Ke8 24. Qxh6 Bb7 25. Qg5 Nb5 26. Nxb5 Qxb5 27. Qf6 Bxe4
28. f5 exf5 29. Rh3 Qd5 30. Nf4 Qc5+ 31. Kh1 Qc4 32. Rd1 d5 33. Rh8+ Kd7 34.
Qxf7+ Kc6 35. Rh3 g5 36. Rc3 Qxc3 37. bxc3 gxf4 38. Qf6+ Rd6 39. Qg7 f3 40. Kg1
fxg2 41. c4 dxc4 42. Rxd6+ Kxd6 43. Qd4+ Bd5 44. Qxb6+ Ke5 45. Qe3+ Be4 46.
Qc3+ Kd5 47. Qa5+ 1/2-1/2

[Event "VI. Berecz memorial B 2018"]
[Site "?"]
[Date "2018.12.29"]
[Round "6.8"]
[White "Toth, Sandor Sr."]
[Black "Sipos, Kalman"]
[Result "1-0"]
[WhiteElo "1776"]
[BlackElo "1706"]
[PlyCount "47"]
[EventDate "2018.12.27"]

1. d4 Nf6 2. c4 g6 3. Nc3 d5 4. cxd5 Nxd5 5. e4 Nxc3 6. bxc3 Bg7 7. Bc4 O-O 8.
Ne2 c5 9. O-O cxd4 10. cxd4 Nc6 11. Be3 Na5 12. Bd3 e6 13. Rb1 b6 14. Qd2 Nc6
15. Bb5 Na5 16. Rfc1 Bb7 17. e5 a6 18. Bd3 Bd5 19. Nc3 Nc4 20. Bxc4 Bxc4 21.
Ne4 b5 22. Bg5 Qd5 23. Nf6+ Bxf6 24. Bxf6 1-0

[Event "VI. Berecz memorial B 2018"]
[Site "?"]
[Date "2018.12.29"]
[Round "6.9"]
[White "Kapicakova, Lucia"]
[Black "Gaal, Miklos"]
[Result "1-0"]
[WhiteElo "1655"]
[BlackElo "1551"]
[PlyCount "117"]
[EventDate "2018.12.27"]

1. Nf3 Nf6 2. g3 g6 3. b3 Bg7 4. Bb2 d6 5. d4 Nbd7 6. Bg2 c5 7. d5 O-O 8. c4
Rb8 9. O-O b5 10. cxb5 Rxb5 11. Nc3 Rb8 12. Qd2 Nb6 13. e4 Bd7 14. Nh4 a5 15.
f4 a4 16. Nf3 Qc7 17. Kh1 Rb7 18. Qc2 Rfb8 19. Rfb1 axb3 20. axb3 Nc8 21. Ra3
Qb6 22. Nd2 Qd8 23. Nc4 h5 24. h3 Nb6 25. Nxb6 Rxb6 26. Bc1 Qc8 27. Kh2 Ne8 28.
Nd1 c4 29. Be3 Rb5 30. Qa2 Rb4 31. Bf1 c3 32. Qc2 e6 33. dxe6 Bxe6 34. Bg2 d5
35. Bf2 dxe4 36. Bxe4 Bxh3 37. Rc1 Nf6 38. Bg2 Bf5 39. Qe2 Ng4+ 40. Kg1 Rxb3
41. Rxb3 Rxb3 42. Qa2 Rb8 43. Bd5 Nxf2 44. Bxf7+ Kh7 45. Qxf2 Qd7 46. Qa2 Bd4+
47. Kh2 Qe7 48. Nxc3 Qe3 49. Qa3 Qf2+ 50. Kh1 Qxg3 51. Qa2 Bxc3 52. Qg2 Qe3 53.
Rg1 Be4 54. Bxg6+ Kh8 55. Bxe4 Qxf4 56. Bf3 Qf7 57. Qh3 Rb5 58. Qc8+ Kh7 59.
Qxc3 1-0

[Event "VI. Berecz memorial B 2018"]
[Site "?"]
[Date "2018.12.29"]
[Round "6.10"]
[White "Szamko, Szabolcs"]
[Black "Jojart, Zsolt"]
[Result "1-0"]
[WhiteElo "1485"]
[BlackElo "1587"]
[PlyCount "47"]
[EventDate "2018.12.27"]

1. e4 d6 2. d4 Nf6 3. Bd3 e5 4. c3 Be7 5. Ne2 O-O 6. O-O c6 7. f4 exd4 8. cxd4
d5 9. e5 Nfd7 10. Nbc3 f6 11. Qc2 h6 12. e6 Nb6 13. f5 c5 14. Nf4 cxd4 15. Nb5
Nc6 16. Ng6 Re8 17. Bf4 Nb4 18. Qd1 Na6 19. Qh5 Bf8 20. Bxh6 gxh6 21. Nxf8 Rxf8
22. Qg6+ Kh8 23. Qxh6+ Kg8 24. Rf3 1-0

[Event "VI. Berecz memorial B 2018"]
[Site "?"]
[Date "2018.12.29"]
[Round "6.11"]
[White "Ver, Imre"]
[Black "Kis, Izabella"]
[Result "1-0"]
[WhiteElo "1766"]
[BlackElo "1374"]
[PlyCount "115"]
[EventDate "2018.12.27"]

1. d4 d5 2. Nf3 e6 3. e3 Nf6 4. Bd3 Nbd7 5. O-O Bd6 6. b3 a6 7. Bb2 c5 8. c3 b5
9. c4 bxc4 10. bxc4 Rb8 11. Qc2 Bb7 12. Ne5 dxc4 13. Nxc4 Bc7 14. Nbd2 h6 15.
Ba3 cxd4 16. exd4 Nb6 17. Bc5 Nxc4 18. Nxc4 Nd5 19. Qa4+ Qd7 20. Qa3 Rd8 21.
Be4 Rb8 22. Ne5 Bxe5 23. dxe5 Nc7 24. Bxb7 Rxb7 25. Rad1 Nd5 26. Bd6 Qb5 27. g3
Ne7 28. Rc1 Qd7 29. Qxa6 O-O 30. Rb1 Ra7 31. Qe2 Rfa8 32. Rb2 Nd5 33. Rfb1 Qc6
34. Qd3 g6 35. Rb8+ Rxb8 36. Rxb8+ Kh7 37. a3 Qc1+ 38. Qf1 Qc6 39. Rb1 Kg7 40.
Qb5 Qc8 41. Qc5 Qd7 42. Rb8 Kh7 43. Qc1 Ne7 44. g4 f5 45. h3 Ra6 46. Qb2 Ra7
47. Qb6 Nc6 48. Rf8 Rb7 49. Qe3 Ne7 50. Rf7+ Kg8 51. Rxe7 Rb1+ 52. Kh2 Qc6 53.
Qxh6 Rh1+ 54. Kg3 Rg1+ 55. Kh4 Rxg4+ 56. hxg4 Qh1+ 57. Kg5 Qc1+ 58. Kxg6 1-0

[Event "VI. Berecz memorial B 2018"]
[Site "?"]
[Date "2018.12.29"]
[Round "6.12"]
[White "Fodor, Gabor"]
[Black "Torok, Csaba"]
[Result "0-1"]
[WhiteElo "1577"]
[BlackElo "1572"]
[PlyCount "78"]
[EventDate "2018.12.27"]

1. Nf3 Nf6 2. c4 g6 3. Nc3 Bg7 4. d4 O-O 5. g3 d6 6. Bg2 Nbd7 7. O-O e5 8. dxe5
dxe5 9. Qc2 c6 10. b3 Qc7 11. Ba3 Re8 12. Rad1 Bf8 13. Bb2 Nc5 14. e4 Bg4 15.
h3 Bxf3 16. Bxf3 Ne6 17. Ne2 Rad8 18. a3 a5 19. Rxd8 Rxd8 20. Rd1 Ng5 21. Rd3
Nxh3+ 22. Kg2 Rxd3 23. Qxd3 Ng5 24. Qe3 Nxf3 25. Qxf3 Nd7 26. Qc3 Nc5 27. f3
Bg7 28. Nc1 Ne6 29. Nd3 Nd4 30. b4 axb4 31. axb4 b6 32. Kf2 f5 33. Qd2 fxe4 34.
f4 exd3 35. Qxd3 exf4 36. Qe4 fxg3+ 37. Kg2 Qf7 38. Bxd4 Bxd4 39. Qxd4 Qf2+ 0-1

[Event "VI. Berecz memorial B 2018"]
[Site "?"]
[Date "2018.12.29"]
[Round "6.13"]
[White "Vadkerti, Vince"]
[Black "Nagy, Noemi"]
[Result "0-1"]
[WhiteElo "1407"]
[BlackElo "1573"]
[PlyCount "90"]
[EventDate "2018.12.27"]

1. e4 c6 2. d4 d5 3. Nc3 dxe4 4. Nxe4 Nd7 5. Bc4 Ngf6 6. Ng5 e6 7. Ne2 Nb6 8.
Bd3 Be7 9. Be3 Nbd5 10. h3 h6 11. Nf3 Qb6 12. Qc1 O-O 13. O-O Nxe3 14. fxe3 c5
15. c3 Bd7 16. Qd2 Rfd8 17. Rad1 Rac8 18. e4 cxd4 19. cxd4 Bc6 20. Ng3 Bb4 21.
Qf2 Be8 22. Kh1 a6 23. b3 Qa7 24. Rc1 Ba5 25. a3 b5 26. Bc2 Bb6 27. Rfd1 Bc6
28. Rd3 Nxe4 29. Qe1 Nxg3+ 30. Qxg3 Be4 31. Rd2 Bxc2 32. Rdxc2 Rxc2 33. Rxc2
Bxd4 34. Rd2 Bf6 35. Rf2 Qe3 36. Rc2 Qxb3 37. Rc7 Qxa3 38. Qf2 Rd1+ 39. Ng1 Rd8
40. Nf3 Qd6 41. Qa7 Rf8 42. Rd7 Qc6 43. Rc7 Qd6 44. Rd7 Qa3 45. Rd6 Qxd6 0-1

[Event "VI. Berecz memorial B 2018"]
[Site "?"]
[Date "2018.12.29"]
[Round "6.14"]
[White "Varga, Mihaly"]
[Black "Ernst, Robert"]
[Result "1/2-1/2"]
[WhiteElo "1535"]
[BlackElo "1329"]
[PlyCount "66"]
[EventDate "2018.12.27"]

1. d4 d5 2. c4 e6 3. Nf3 Nf6 4. Nc3 c6 5. Bg5 Be7 6. e3 Nbd7 7. Bd3 O-O 8. O-O
b6 9. cxd5 exd5 10. Rc1 Bb7 11. Qe2 c5 12. h3 Re8 13. Bb5 h6 14. Bh4 a6 15.
Bxd7 Qxd7 16. Rfd1 c4 17. Nh2 b5 18. a3 Rad8 19. f3 Qc6 20. g4 g5 21. Bf2 Bf8
22. Nf1 Bg7 23. Na2 Qb6 24. Qd2 Nd7 25. Ng3 Nb8 26. Nf5 Nc6 27. h4 f6 28. Be1
Bc8 29. Nxg7 Kxg7 30. h5 Be6 31. Qc2 Bf7 32. Qc3 Qb7 33. b4 Qd7 1/2-1/2

[Event "VI. Berecz memorial B 2018"]
[Site "?"]
[Date "2018.12.29"]
[Round "6.15"]
[White "Varga, Szilvia"]
[Black "Lakatos, Alfred"]
[Result "1-0"]
[WhiteElo "1426"]
[BlackElo "1581"]
[PlyCount "115"]
[EventDate "2018.12.27"]

1. e4 d5 2. exd5 Qxd5 3. Nc3 Qd8 4. Nf3 Bg4 5. Be2 g6 6. h3 Bxf3 7. Bxf3 c6 8.
O-O Bg7 9. Ne4 Nf6 10. Nxf6+ Bxf6 11. c3 O-O 12. d4 Qc7 13. Bh6 Rd8 14. Qd2 e5
15. d5 cxd5 16. Bxd5 Nc6 17. Rad1 Ne7 18. c4 Rab8 19. Qc1 Nxd5 20. Rxd5 Rd7 21.
Rfd1 Rbd8 22. Rxd7 Rxd7 23. Rxd7 Qxd7 24. b3 Bg7 25. Bxg7 Kxg7 26. Qe3 Qd1+ 27.
Kh2 Qd4 28. Qxd4 exd4 29. Kg3 Kf6 30. Kf4 d3 31. Ke3 d2 32. Kxd2 Ke5 33. Kd3 f5
34. b4 g5 35. g3 h5 36. Ke3 f4+ 37. gxf4+ gxf4+ 38. Kf3 b6 39. a4 a5 40. bxa5
bxa5 41. c5 Kd5 42. Kxf4 Kxc5 43. Ke5 Kb4 44. f4 Kxa4 45. f5 Kb3 46. f6 a4 47.
f7 a3 48. f8=Q a2 49. Qa8 Kb2 50. Kf5 a1=Q 51. Qxa1+ Kxa1 52. Kg5 h4 53. Kxh4
Kb2 54. Kg5 Kc3 55. h4 Kd4 56. h5 Ke5 57. h6 Ke6 58. h7 1-0

[Event "VI. Berecz memorial B 2018"]
[Site "?"]
[Date "2018.12.29"]
[Round "6.16"]
[White "Koszo, Ferenc"]
[Black "Vavro, Lajos"]
[Result "1/2-1/2"]
[WhiteElo "1365"]
[BlackElo "1535"]
[PlyCount "98"]
[EventDate "2018.12.27"]

1. d4 d5 2. c4 e6 3. cxd5 exd5 4. Nf3 Nf6 5. Nc3 c6 6. Bf4 Bd6 7. Ne5 O-O 8. g3
Re8 9. Bg2 Nh5 10. e3 Nf6 11. Nd3 Bg4 12. Bf3 Bh3 13. Bg5 Nbd7 14. Bf4 Qc7 15.
Rc1 Re7 16. Bxd6 Qxd6 17. Nf4 Bf5 18. O-O Rae8 19. Qd2 g5 20. Nd3 Ne4 21. Qe1
Bh3 22. Bg2 Bf5 23. Nxe4 Bxe4 24. Qc3 Bxg2 25. Kxg2 h5 26. Nc5 Nxc5 27. Qxc5
Qxc5 28. Rxc5 g4 29. h3 gxh3+ 30. Kxh3 Re4 31. Rg1 Kh7 32. Rcc1 Rg8 33. Rg2 f5
34. b4 a6 35. a4 Rg6 36. Rcg1 Kg7 37. a5 Kf7 38. Rh2 Kg7 39. Rhg2 Kf6 40. Rh1
Rg7 41. Kh2 h4 42. gxh4 Rxh4+ 43. Kg1 Rxg2+ 44. Kxg2 Rxh1 45. Kxh1 Kg5 46. Kg2
f4 47. Kf3 fxe3 48. Kxe3 Kf5 49. Kf3 Kg5 1/2-1/2

[Event "VI. Berecz memorial B 2018"]
[Site "?"]
[Date "2018.12.29"]
[Round "6.18"]
[White "Toth, Lili"]
[Black "Hodi, Adam"]
[Result "1-0"]
[WhiteElo "1436"]
[BlackElo "1137"]
[PlyCount "101"]
[EventDate "2018.12.27"]

1. d4 d5 2. c4 c6 3. Nf3 Nf6 4. Bf4 Bf5 5. Nc3 Nbd7 6. e3 e6 7. Bd3 Ne4 8. O-O
Ndf6 9. Rc1 Bd6 10. Bxd6 Qxd6 11. cxd5 exd5 12. h3 g6 13. Bxe4 Nxe4 14. Qb3
O-O-O 15. a4 a6 16. Qb6 Qc7 17. Qxc7+ Kxc7 18. Nxe4 Bxe4 19. Ng5 Rd7 20. Nxe4
dxe4 21. f3 exf3 22. gxf3 b5 23. axb5 axb5 24. Ra1 Rb8 25. b4 h5 26. h4 Rd5 27.
Kf2 f6 28. Rh1 Rdd8 29. Ra7+ Rb7 30. Rxb7+ Kxb7 31. Rg1 Rg8 32. e4 g5 33. hxg5
Rxg5 34. f4 Rxg1 35. Kxg1 Kc7 36. Kh2 Kd6 37. Kh3 Ke6 38. Kh4 f5 39. e5 Kd5 40.
Kxh5 Kxd4 41. e6 Kc4 42. e7 Kxb4 43. e8=Q c5 44. Qe5 c4 45. Qxf5 c3 46. Qc2 Kc4
47. f5 b4 48. f6 b3 49. Qb1 Kb4 50. f7 c2 51. Qb2 1-0

[Event "VI. Berecz memorial B 2018"]
[Site "?"]
[Date "2018.12.29"]
[Round "6.20"]
[White "Bullas, Gabor"]
[Black "Szamko, Hanna"]
[Result "0-1"]
[WhiteElo "1081"]
[BlackElo "1347"]
[PlyCount "58"]
[EventDate "2018.12.27"]

1. e4 e5 2. Nf3 Nc6 3. d4 exd4 4. Nxd4 Be7 5. Be3 Nf6 6. Nc3 O-O 7. Bd3 Re8 8.
O-O Bb4 9. f3 d5 10. Qe2 Bxc3 11. Nxc6 bxc6 12. bxc3 dxe4 13. Bc4 exf3 14. Qxf3
Be6 15. Qxc6 Bxc4 16. Rad1 Qe7 17. Rfe1 Qe6 18. Qxe6 Rxe6 19. h3 h6 20. a3 Rc6
21. Bd4 Nd5 22. g3 Nb6 23. Kf2 Re6 24. Be5 Rc8 25. Re3 f6 26. Bd4 Rxe3 27. Kxe3
Re8+ 28. Kf4 Nd5+ 29. Kf5 Kf7 0-1

[Event "VI. Berecz memorial B 2018"]
[Site "?"]
[Date "2018.12.29"]
[Round "6.21"]
[White "Csikos, Adam"]
[Black "Nagy, Gyula"]
[Result "0-1"]
[WhiteElo "1331"]
[BlackElo "1316"]
[PlyCount "150"]
[EventDate "2018.12.27"]

1. e4 d5 2. exd5 Qxd5 3. Nc3 Qa5 4. d4 g6 5. Bc4 Bg7 6. Be3 Nf6 7. Nge2 Nc6 8.
O-O Bg4 9. h3 Qh5 10. hxg4 Nxg4 11. Bf4 O-O-O 12. Bxf7 Nce5 13. Be6+ Kb8 14.
Nd5 Rd6 15. Bxg4 Nxg4 16. Nxe7 Rd7 17. f3 g5 18. fxg4 Qxg4 19. Bh2 Qe6 20. Nf5
Bf6 21. c3 Ka8 22. Qc2 h5 23. Rae1 Qg8 24. Neg3 h4 25. Ne4 Bd8 26. Be5 Rhh7 27.
Bf6 h3 28. Bxd8 Qxd8 29. Qd2 g4 30. Qe2 Qh8 31. Ng5 Rd8 32. Nxh7 hxg2 33. Qxg2
Qxh7 34. Re7 Qg6 35. Rxc7 Rb8 36. d5 Qb6+ 37. Rf2 Qxc7 38. d6 Qa5 39. Qe4 g3
40. Nxg3 Qg5 41. Qf3 a6 42. Qd3 Rg8 43. Rg2 Qc1+ 44. Nf1 Rd8 45. d7 Qh6 46. Re2
Qg7+ 47. Ng3 Rxd7 48. Re8+ Ka7 49. Qe3+ b6 50. Re6 Rb7 51. a4 Qg4 52. a5 Qd1+
53. Kg2 Qd5+ 54. Re4 Qxa5 55. Qf3 Qd5 56. Qe3 Qb3 57. Rb4 Qc2+ 58. Qf2 Qg6 59.
c4 a5 60. Rb3 Qc6+ 61. Kg1 Qxc4 62. Rc3 Qd5 63. Rf3 Qd1+ 64. Kg2 Qd5 65. Kg1 a4
66. Rf4 Qb3 67. Kg2 Qb5 68. Qc2 Qd5+ 69. Kg1 Rg7 70. Qxa4+ Kb7 71. Rg4 Rc7 72.
Qa1 Qc5+ 73. Kf1 Rf7+ 74. Ke2 Qf2+ 75. Kd1 Qg1+ 0-1